00345pab a2200133 454500008004000000100002000040245006100060260000900121300001500130362000800145650001200153700001500165773003100180180718b2010 xxu||||| |||| 00| 0 eng d aArnott, Richard aThe stability of downtown parking and traffic congestion c2010 ap.260-276. aNov aTraffic aInci, Eren aJournal of Urban Economics